000 00886nam a22002057a 4500
003 OSt
005 20251007164046.0
008 250312b |||||||| |||| 00| 0 eng d
040 _c0
082 _aDPer 621.381 Ie21 October 2022 v. 37 n. 10
100 _aChen, Daolian.
_eauthor.
_965703
245 _aSingle-stage multi-input buck type high-frequency link's inverters with multiwinding and time-sharing power supply /
_cDaolian Chen, Tao Zhao, and Song Xu.
260 _aNew York ;
_bThe Institute of Electrical and Electronics Engineers, Inc. ,
_cOctober 2022.
300 _aVolume 37, pages 12763-12773 :
_billustration ;
_c28 cm.
500 _aIEEE Transactions on Power Electronics, v. 37, n. 10, pages 12763-12773, October 2022.
700 _aChen, Daolian.
_eauthor.
_951991
710 _aZhao, Tao.
_eauthor.
_965704
711 _aXu, Song.
_jauthor.
_965705
942 _2ddc
_cPER
999 _c23582
_d23582